Statistics for 'Oliver!' 1968 cast

Click here to take the quiz!

General Stats

  • This quiz has been taken 12 times
  • The average score is 5 of 15

Answer Stats

HintAnswer% Correct
Mr BumbleHarry Secombe
88%
Oliver TwistMark Lester
88%
Artful DodgerJack Wild
75%
Bill SikesOliver Reed
75%
FaginRon Moody
75%
NancyShani Wallis
63%
MagistrateHugh Griffith
13%
Mr BrownlowJoseph o'conor
13%
Mr SowerberryLeonard Rossiter
13%
Mrs BedwinMegs Jenkins
13%
BetSheila White
13%
CharlotteElizabeth Knight
0%
Mrs SowerberryHylda Baker
0%
Noah ClaypoleKenneth Cranham
0%
GrimwigWensley Pithy
0%

Score Distribution

Percentile by Number Answered

Percent of People with Each Score

Your Score History

You have not taken this quiz